Paesi più vicini al Suriname - Morte improvvisa - Statistics

Statistiche generali
  • Questo quiz è stato fatto 19 volte
  • Il punteggio medio è 4 su 15
Answers on the Grid
Answers color-coded by a green-red scale on the quiz's grid according to % correct below.
Antigua e Barbuda
Saint Kitts e Nevis
Barbados
Dominica
Saint Lucia
Saint Vincent e Grenadine
Trinidad e Tobago
Grenada
Venezuela
Colombia
Perù
Brasile
Guyana
Bolivia
Repubblica Dominicana
Canada
Stati Uniti
Messico
Guatemala
Belize
Honduras
El Salvador
Nicaragua
Costa Rica
Panama
Ecuador
Cuba
Bahamas
Haiti
Paraguay
 
Statistiche sulle risposte
Risposta % Corretto
Brasile
73%
Guyana
53%
Venezuela
53%
Colombia
33%
Perù
33%
Trinidad e Tobago
27%
Antigua e Barbuda
20%
Barbados
20%
Bolivia
20%
Saint Vincent e Grenadine
20%
Grenada
13%
Saint Kitts e Nevis
13%
Saint Lucia
13%
Dominica
7%
Repubblica Dominicana
0%
Nessun quiz corrispondente trovato
Distribuzione punteggi
Percentuale di utenti per punteggio
Percentile per numero di risposta
I tuoi punteggi nel tempo
Non hai fatto questo quiz